| 000 | 01159cam a2200157 4500500 | ||
|---|---|---|---|
| 005 | 20260329064811.0 | ||
| 041 | _afre | ||
| 042 | _adc | ||
| 100 | 1 | 0 |
_aBailly, Antoine _eauthor |
| 700 | 1 | 0 |
_aBeguin, Hubert _eauthor |
| 700 | 1 | 0 |
_aScariati, Renato _eauthor |
| 245 | 0 | 0 | _aIntroduction à la géographie humaine |
| 260 |
_bArmand Colin,
_c2016. |
||
| 520 | _aCe manuel constitue une introduction de base à la géographie humaine. Pour initier les étudiants à la géographie classique et à la nouvelle géographie, il traite, en termes généraux, de l'histoire de la discipline, de ses idéologies, de ses problématiques et de ses démarches scientifiques.Par souci d'illustration, il applique concepts et théories aux sociétés rurales, industrielles, urbaines, et aux risques de nos sociétés.Témoignage de l'évolution d'une discipline en pleine mutation au sein des sciences économiques et sociales, cette nouvelle édition intègre les apports scientifiques des nouveaux courants de la géographie humaine. | ||
| 856 | 4 | 1 | _uhttps://shs.cairn.info/introduction-a-la-geographie-humaine--9782200611552?lang=fr&redirect-ssocas=7080 |
| 999 |
_c2017313 _d2017313 |
||